Destiny 2 the Game Quiz 21 - Last Wish - Statistics

General Stats
  • This quiz has been taken 396 times
  • The average score is 13 of 20
Answer Stats
Hint Answer % Correct
Exotic One Thousand Voices
92%
Final Boss Riven of a Thousand Voices
91%
Where the raid takes place Dreaming City
90%
First Boss Kalli
86%
Third Boss Morgeth
83%
Second Boss Shuro Chi
83%
Hand Cannon Nation of Beasts
79%
Sniper Rifle The Supremacy
74%
Pulse Rifle Chattering Bone
73%
Rocket Launcher Apex Predator
71%
Armour (X of the...) Great Hunt
64%
Scout Rifle Transfiguration
62%
Auto Rifle Age Old Bond
60%
Fusion Rifle Techeun Force
60%
Bow Tyranny of Heaven
60%
Shader Dreaming Spectrum
33%
Sparrow Cleansing Knife
31%
Emblem Wish No More
26%
Ghost Wish-Maker Shell
22%
Ship Ermine TAC-717
19%
No matching quizzes found
Score Distribution
Percent of People with Each Score
Percentile by Number Answered
Your Score History
You have not taken this quiz